|
|
|
|
| LEADER |
00616nam a22001811a 4500 |
| 020 |
|
|
|a 9788170303442
|c 0.00
|
| 040 |
|
|
|a SSUS - Library - Kalady
|
| 082 |
|
|
|a 149.73
|b DPC/I
|
| 100 |
|
|
|a D P Chathopadhyaya
|
| 245 |
|
|
|a Induction, probability, and skepticism
|h [Text]
|
| 260 |
|
|
|a Delhi
|b Sri Satguru
|c N92
|
| 300 |
|
|
|a 448p.
|
| 600 |
|
|
|a Philosophy Probability Skepticism
|
| 600 |
|
|
|a Philosophy
|
| 852 |
|
|
|h 149.73
|i DPC/I
|p 009834
|9 300.00
|t 0
|
| 942 |
|
|
|c BK
|
| 999 |
|
|
|c 20041
|d 20041
|
| 952 |
|
|
|0 0
|1 0
|4 0
|6 149_730000000000000_DPC_I
|7 0
|9 28259
|a SSUS
|b SSUS
|d 2015-01-08
|g 300.00
|o 149.73 DPC/I
|p 009834
|r 2015-01-08
|v 0.00
|w 2015-01-08
|y BK
|